| 000 | 01499nam a2200301 a 4500 | ||
|---|---|---|---|
| 001 | 74362 | ||
| 003 | BD-RjUL | ||
| 005 | 20211209082536.0 | ||
| 008 | 180725s2015 b ||||| b||| 001 0 ben d | ||
| 020 |
_a9789849079897 _c:tk. 550.00 |
||
| 035 | _a(BD-RjUL)74580 | ||
| 040 |
_aBD-RjUL _beng _cBD-RjUL |
||
| 041 | _aeng | ||
| 082 |
_223 _a322.509549 _bHAP 2015 |
||
| 100 | 1 |
_aহাক্কানী, হুসেন _9221910 |
|
| 245 | 1 | 0 |
_aপাকিস্তান : বিটুইন মস্ক অ্যান্ড মিলিটারি = মোল্লা ও মিলিটারির কবলে পাকিস্তান / _cহুসেন হাক্কানী ; অনূবাদ, এ কে মোহাম্মাদ আলী শিকদার |
| 260 |
_aঢাকা ঃ _bবিজয় প্রকাশ , _c২০১৫ |
||
| 300 |
_a৪৪৩ পৃ ; _c২২ সেমি. |
||
| 504 | _aগ্রন্থপঞ্জী সংযুক্ত | ||
| 650 |
_aসিভিল-সামরিক সম্পর্ক _zপাকিস্তান _9186636 |
||
| 650 |
_aCivil-military relations _zPakistan. _9221911 |
||
| 650 |
_aইসলাম ও রাজনীতি _9221912 |
||
| 650 |
_aIslam and politics _9221913 |
||
| 650 |
_aসিভিল-সামরিক সম্পর্ক _9186636 |
||
| 650 |
_aCivil-military relations. _9221914 |
||
| 700 |
_aশিকদার, এ কে মোহাম্মাদ _9160333 |
||
| 942 |
_2ddc _cBK |
||
| 999 |
_c74362 _d74362 |
||